Propuesta de diseño de un sistema para el control estadístico del proceso de producción en la planta de Snacks Tosty de GRUMA S.A
Guardado en:
| Hovedforfatter: | |
|---|---|
| Andre forfattere: | , |
| Format: | Bog |
| Udgivet: |
[San José, Costa Rica]
2008
|
| Fag: | |
| Tags: |
Tilføj Tag
Ingen Tags, Vær først til at tagge denne postø!
|
MARC
| LEADER | 00000nam a2200000Ia 4500 | ||
|---|---|---|---|
| 003 | 001036 | ||
| 005 | 20221231144103.0 | ||
| 008 | 140114s2008 cr a 000 ||s d | ||
| 040 | |c cru CEDI | ||
| 090 | |a TFG 5564 | ||
| 100 | |a Delgado Alpízar, Roy |9 4564 | ||
| 245 | |a Propuesta de diseño de un sistema para el control estadístico del proceso de producción en la planta de Snacks Tosty de GRUMA S.A | ||
| 260 | |c 2008 |b [San José, Costa Rica] | ||
| 300 | |a 245 hojas; ilustraciones a color | ||
| 500 | |a Proyecto de graduación (licenciatura en ingeniería industrial)--Universidad de Costa Rica. Facultad de Ingeniería. Escuela de Ingeniería Industrial | ||
| 650 | |x DEMASA (COSTA RICA) |x PRODUCCION |x PRODUCTIVIDAD INDUSTRIAL |x CONTROL |x CONTROL ESTADISTICO DE CALIDAD |x CONTROL DE PROCESOS |x CONTROL DE CALIDAD |9 4567 | ||
| 700 | |9 4565 |a Grillo Espinoza, Hanzel | ||
| 700 | |9 4566 |a Rodríguez Alfaro, Natalia | ||
| 942 | |c TFG | ||
| 999 | |c 16697 |d 16697 | ||
